Maitre Eckhart
Saved in:
| Hovedforfatter: | |
|---|---|
| Format: | Bog |
| Sprog: | fransk |
| Udgivet: |
París
Seghers
1969
|
| Serier: | Philosophes de Tous les Temps
|
| Fag: | |
| Tags: |
Tilføj Tag
Ingen Tags, Vær først til at tagge denne postø!
|
MARC
| LEADER | 00000nam a2200000 a 4500 | ||
|---|---|---|---|
| 001 | UCO4735 | ||
| 003 | CL-VaPUC | ||
| 008 | 000811e19690000FR |||||||||||||||||fre|d | ||
| 082 | 0 | 4 | |a 921.964 |b BRU |2 21 |
| 100 | 0 | |a Brunner, Fernand |e author |9 449366 | |
| 245 | 1 | 0 | |a Maitre Eckhart |
| 300 | |a 184 p | ||
| 942 | |c BK | ||
| 945 | |d 20000811 00:00:00 |a crobeson | ||
| 260 | |a París |b Seghers |c 1969 | ||
| 600 | 0 | 7 | |a ECKHART, JOHANNES |2 CL-VaPUC |9 449367 |
| 650 | 0 | |a Filosofía medieval |9 256245 | |
| 650 | 0 | |a Biografías |9 255210 | |
| 650 | 0 | |a Neoplatonismo |9 265877 | |
| 583 | |a last modification |c 20170531 12:24:52 |k Rodrigo Vera | ||
| 490 | 0 | |a Philosophes de Tous les Temps | |
| 999 | |c 290734 |d 290732 | ||
| 952 | |0 0 |1 0 |4 0 |6 921_964000000000000_BRU_1969 |7 0 |8 P |9 340299 |a BIBART |b BIBART |d 2019-11-20 |i 1215264 |o 921.964 BRU 1969 |p 1215264 |r 2025-03-13 |w 2019-11-20 |y BK |k ART | ||